Das Weizenkorn: aphorismen

Gespeichert in:
Bibliographische Detailangaben
1. Verfasser: Balthasar, Hans Urs von (VerfasserIn)
Format: Buch
Sprache:Deutsch
Veröffentlicht: Einsiedeln Johannes 1989
Ausgabe:3a. ed
Schlagworte:
Tags: Tag hinzufügen
Keine Tags, Fügen Sie den ersten Tag hinzu!

MARC

LEADER 00000cam a2200000 a 4500
001 UCE7860
003 CL-VaPUC
008 150710e19890000sz |||||||||||||||||ger|d
020 |a 3894110244 
082 0 4 |a 242  |b BAL  |2 21 
100 0 |a Balthasar, Hans Urs von  |e author  |9 580554 
245 1 4 |a Das Weizenkorn: aphorismen 
250 |a 3a. ed 
300 |a 111 p 
942 |c BK 
945 |d 20150710 13:45:00  |a dcastane 
260 |a Einsiedeln  |b Johannes  |c 1989 
650 7 |a LITERATURA PIADOSA  |2 CL-VaPUC  |9 467509 
650 0 |a Aforismos   |9 369442 
650 0 |a Cristianismo  |9 257361 
583 |a last modification  |c 20150710 13:45:00  |k Rodrigo Vera 
999 |c 359847  |d 359845 
952 |0 0  |1 0  |3 erb  |4 0  |6 242_000000000000000_BAL_1989  |7 0  |8 A  |9 469405  |a BIBTEO  |b BIBTEO  |e Casale Rolle, Carlos Ignacio, -2014  |i 5183340  |o 242 BAL 1989  |p 5183340  |r 2025-01-17  |w 2019-11-23  |y BK  |z Catalogado en:20150710  |k ICR